000 00795nam a2200229 a 4500
005 20260112063316.0
039 _a201409081320
_bstaff
_y 201401281708
_z staff
082 _a338.9
_bWOR [ Shelf 93]
100 _aWorld Bank
245 _aSouth Asia :
_bshared views on development and climate change /
_cWorld Bank
260 _aWashington, D.C. :
_bWorld Bank,
_c2009.
300 _axviii, 213 p. :
_bcol. ill., col. maps ;
_c29 cm.
650 _aSouth Asia
650 _aClimatic Changes
650 _aClimatic changes
_x Risk assessment
650 _aEnvironmental policy
650 _aSustainable development
650 _aClimatic changes
_x Risk management
991 _aVIRTUA40
991 _aVTLSSORT0080*0820*1000*2450*2600*3000*6500*6501*6502*6503*6504*6505*9992
909 _a4827
999 _c4301
_d4301